Framework Administered Account for Selected Fund Activities : Germany Subaccount for Selected Fund Activities.

The Fund, represented by the Managing Director, has reached understandings with Germany acting through the German Federal Ministry of Economic Cooperation and Development ('Germany'), to finance capacity building (technical assistance and training) and related activities. On the basis of t...

Πλήρης περιγραφή

Λεπτομέρειες βιβλιογραφικής εγγραφής
Συγγραφή απο Οργανισμό/Αρχή: International Monetary Fund
Μορφή: Επιστημονικό περιοδικό
Γλώσσα:English
Έκδοση: Washington, D.C. : International Monetary Fund, 2009.
Σειρά:Policy Papers; Policy Paper ; No. 2009/084
Θέματα:
Διαθέσιμο Online:Full text available on IMF
LEADER 01709cas a2200253 a 4500
001 AALejournalIMF020020
008 230101c9999 xx r poo 0 0eng d
020 |c 5.00 USD 
020 |z 9781498335225 
022 |a 2663-3493 
040 |a BD-DhAAL  |c BD-DhAAL 
110 2 |a International Monetary Fund. 
245 1 0 |a Framework Administered Account for Selected Fund Activities :   |b Germany Subaccount for Selected Fund Activities. 
264 1 |a Washington, D.C. :  |b International Monetary Fund,  |c 2009. 
300 |a 1 online resource (3 pages) 
490 1 |a Policy Papers 
500 |a <strong>Off-Campus Access:</strong> No User ID or Password Required 
500 |a <strong>On-Campus Access:</strong> No User ID or Password Required 
506 |a Electronic access restricted to authorized BRAC University faculty, staff and students 
520 3 |a The Fund, represented by the Managing Director, has reached understandings with Germany acting through the German Federal Ministry of Economic Cooperation and Development ('Germany'), to finance capacity building (technical assistance and training) and related activities. On the basis of these understandings, the Managing Director has established the essential terms and conditions of the Subaccount, with which Germany concurs, with respect to the nature, design, and implementation of the activities to be financed and the method by which the costs of the activities will be financed from the Subaccount. 
538 |a Mode of access: Internet 
651 7 |a Germany  |2 imf 
830 0 |a Policy Papers; Policy Paper ;  |v No. 2009/084 
856 4 0 |z Full text available on IMF  |u http://elibrary.imf.org/view/journals/007/2009/084/007.2009.issue-084-en.xml  |z IMF e-Library